[Event "6th San Cristobal Open A"]
[Site "Tenerife"]
[Date "2024.08.29"]
[Round "7.13"]
[White "Ivanov, Mike"]
[Black "Pulvett Marin, Daniel Eduardo"]
[Result "1/2-1/2"]
[Annotator "Mike Ivanov"]
[WhiteElo "2364"]
[BlackElo "2482"]
[WhiteFideId "-1"]
[BlackFideId "-1"]
[PlyCount "31"]
[GameId "2263746691443549"]
[EventDate "2024.??.??"]
[EventType "swiss"]
[EventRounds "9"]
[EventCountry "ESP"]
[SourceTitle "Chess Canada 25"]
[Source "JohnUpper?CFC"]
[SourceDate "2025.06.29"]
[SourceVersion "1"]
[SourceVersionDate "2026.07.01"]
[SourceQuality "1"]

{This game took place right after I got the title, so it wasn't the most combative, although still rich psychologically. Tenerife has an artificial beach which I badly wanted to visit, but it would be irresponsible to go when every game had grand importance. So I was happy to finally go when it didn't matter anymore, on the morning of this game. Specific prep wouldn't have helped me anyways, since IM Pulvett hadn't played this 2...d7 system before. Thankfully, general prep before the tournament helped a lot here.} 1. Nf3 d5 2. g3 Nd7 {[#] The point of this line is to avoid KIA setups as black's threat of ... e5 forces white to play d4. The knight may not be the best on b6 but he does stop c4, and black gets London-like play.} 3. d4 Nb6 4. Nc3 {In this system, white often wants to go for a quick e4, often with d3 first.} Bf5 {Also interesting, and perhaps more precise is 4...f6. The point is white will no longer have the h4-g2 maneuver, so the bishop will be harder to harass.} (4... Nf6 5. a4 a5 6. Bg2 {Analysis Diagram [#]} h6 $5 {Trying to avoid giving white any edge at all.} (6... Bf5 7. Nh4 Bg4 8. h3 Bh5 9. g4 Bg6 10. Nxg6 hxg6 11. g5 Nh5 12. e4 e6 {is similar to the game; I have the bishop pair as a theoretical advantage but Black is super solid and isn't planning on letting my bishops have any fun.}) 7. b3 $5 (7. Qd3 g6 8. e4 dxe4 9. Nxe4 Bf5 10. Nxf6+ exf6 11. Qe2+ Qe7 12. Be3 Nd5 {Once again, black should be satisfied.}) (7. O-O Bf5 {White can't even get the bishop pair, so black is swell here.}) 7... Bf5 (7... g6 8. Ne5 Bg7 9. O-O O-O 10. Bb2 Ng4 11. Nxg4 Bxg4 $14) 8. Ba3 e6 9. Bxf8 Kxf8 10. Ne5 {With a psychological edge thanks to slight black discoordination, but not an objective advantage.}) 5. a4 a5 ({A week after this game, I lost to GM Roland who tried foregoing ...a5, which is definitely necessary for Black:} 5... Nf6 6. a5 Nc4 $14) 6. Nh4 Bg4 7. h3 Bh5 8. Ng2 $1 {[#] This idea was still my preparation, and poses some problems for Black. White will at the least get to trade the h5 bishop without weakening the structure with g4, which makes a huge difference compared to the 4...f6 lines.} e6 ({I knew this game with the g2 idea, which told me White was already comfortable here:} 8... f5 9. g4 $1 Bg6 (9... fxg4 10. Nf4 $16) 10. Nf4 Nf6 11. Ne6 $16 Qd7 12. Nb5 $1 Kf7 (12... Rc8 13. Nc5 $18) 13. Nbxc7 $18 {1-0 Banusz,T (2607)-Indjic,A (2612) HUN-chT 2122 Hungary 2021 (7.1)}) 9. Nf4 Bg6 10. Bg2 (10. h4 $5 {was also interesting.} Nf6 11. f3 Be7 12. h5 Bf5 13. e4 dxe4 14. g4 g5 {Becomes complete chaos. Equal to the computer of course!}) 10... Nf6 11. Nxg6 hxg6 {[#]} 12. e4 $6 {This inaccuracy was played instantly due to recklessness and over-confidence. My opponent was spending a lot of time here so I felt like I could do no wrong...} ({Maintaining flexibility with} 12. O-O {was probably better;} Bb4 (12... Be7 13. e4 $14) 13. Nb1 $5 O-O 14. Nd2 Re8 15. c3 Bd6 16. e4 $14 {White gets to play the break on their terms this time.}) 12... Bb4 13. exd5 {Only here I realized that the bishop pair was a mythical advantage here, and not a practical one. Time for damage control.} (13. e5 Ne4 14. Qd3 Qd7 15. O-O Nxc3 16. bxc3 Be7 {This turns into a good French Winawer for black, since the "French" bishop has graduated to the dark squares.}) 13... exd5 {[#]} 14. Qd3 {A necessity to keep the pawn structure decent.} (14. O-O Bxc3 15. bxc3 O-O 16. Bg5 Qd6 {With the blockade on c4 and e4, black is already preparing to press in this middlegame.}) 14... Qe7+ 15. Kf1 {Another sad necessity. The good news is Black can't really punish us, as their knights are too far and we're still solid. Here I realized I got nothing out of the opening.} (15. Be3 Nc4 16. O-O-O c6 17. Bg5 O-O $15 {with the knight on c4, only Black can be better.}) 15... O-O 16. Bg5 (16. Bg5 {[#] Mr. Pulvett is one of the best visually impaired players in the world, as his rating shows. Yet he burnt a lot of time to reach this position, leaving himself with only 20 minutes for the rest of the game (time control was 90+30). From what I learned, time trouble is the hardest phase for visually impaired players, as keeping track of the clock is a chore in itself. I wasn't happy with the position which I thought was around equal, but still uncomfortable. Moreover, the momentum was going Black's way. I offered the draw, and my opponent accepted after considering the time situation/his winning chances.  The game might have continued...} Bxc3 17. Qxc3 Rfe8 18. Bf3 Qd7 19. Bxf6 {Allowing ...e4 would not be wise, as the knights start to dominate my bishops.} gxf6 20. b3 Nc8 21. Kg2 c6 22. Rae1 Nd6 {Black is rock solid. Usually I'm not a fan of short draws, but this game allowed me to release some nervous energy and prepare for the last games, which were highly eventful.}) 1/2-1/2

[Event "6th San Cristobal Open A"]
[Site "Tenerife"]
[Date "2024.08.30"]
[Round "8.2"]
[White "Ivanov, Mike"]
[Black "Sosa, Tomas"]
[Result "1-0"]
[Annotator "Mike Ivanov"]
[WhiteElo "2364"]
[BlackElo "2515"]
[WhiteFideId "-1"]
[BlackFideId "-1"]
[PlyCount "81"]
[GameId "2263746691705696"]
[EventDate "2024.??.??"]
[EventType "swiss"]
[EventRounds "9"]
[EventCountry "ESP"]
[SourceTitle "Chess Canada 25"]
[Source "JohnUpper?CFC"]
[SourceDate "2025.06.29"]
[SourceVersion "1"]
[SourceVersionDate "2026.07.01"]
[SourceQuality "1"]

{see also: https://youtu.be/pvQ0tQVlFz0?si=NMYfWzkDIn9NMv3m&t=749  At this point in the tournament, the title was obtained and the pressure was gone. This let me play more loosely and without worries of losing.} 1. Nc3 {This has been my beloved pet opening for a while, and it's a great way to get away from main lines. I knew Tomas played everything against 1.e4, so I wanted to keep him at least a bit off balance.} c5 2. e4 Nc6 3. Bb5 {This line can transpose into the Tiviakov Grand Prix after d6 f4, a Rossolimo, or the ...d4 line we see in the game.} Nd4 4. Nf3 {[#]} g6 {While many things are playable, including ...g6 of course, this made me slightly optimistic since it gives white play unlike the 4...e6 line. From here on in, I felt like Tomas was improvising a little, playing by intuition which was built on other Sicilian lines. Yet this one has a distinct character.} (4... e6 5. O-O a6 6. Bd3 Nc6 {is considered one of the most critical lines for Black, where White struggles to get an advantage.}) 5. Nxd4 cxd4 6. Ne2 {This line is supposed to be fine for Black objectively, yet still has some poison. Black has to strike in the center or queenside, before White's kingside space becomes paramount.} Bg7 7. O-O a6 8. Ba4 b5 9. Bb3 Bb7 10. d3 e6 {[#] Up to here, everything makes sense. Black blunts the bishop, and prepares for ...e7. At some point, when better developed, Black would like to go ...d5.} 11. Qe1 {The queen needs to join the party, and this is as good a way as any.} Ne7 12. f3 $5 {This was the plan that caught Tomas off guard. I want to scaffold the center as much as possible, considering that black is doing everything possible to break through e4, and open up the bishops.} (12. f4 {is also possible, but allows a timely ... f5 to hurt my pieces and open up the bishop on b7.} O-O 13. Qg3 Qb6 14. a4 f5 $36) 12... h6 $6 {A step in the wrong direction, which gives me something to bite on.} (12... O-O 13. Qh4 Nc6 14. Bg5 f6 15. Bh6 f5 16. Bg5 Qc7 {was a more logical way for Black to continue, where any kingside attack is still far off. Black maintains dynamic equality, and has some eventual play on the c-file and queenside.}) 13. Bf4 {[#] I hint at the d6 square, even if it's not as scary for Black as it seems. g3 and d2 are also in the air, making Black's weaknesses felt.} e5 $6 {Black takes a stab in the dark and blocks my bishop, but this structure will never be good as my bishop on b3 will remain a shining beacon for the rest of the game.} 14. Bd2 {The bishop is great here, eyeing all the key diagonals.} d5 {The problem with this pawn on d5, is that it ties up black's pieces forever, as they have to keep it in place, or else... The white bishop on b3 and rook on f1 would come alive if the d5 pawn ever captures e4.} 15. Qh4 {Making it hard for Tomas to castle. The problem for Black is they have no active counterplay, as ...g5 weakens the kingside irreparably. In the meantime, I can muster up my army at leisure.} (15. f4 $1 {I should be more brave with opening the center, while his king is still stuck here. Yet it seemed a bit counter-intuitive to support the center with f3, and then break it with f4 right after.}) 15... Qd6 $6 {An inaccuracy; ...a5 was best.} (15... h5 16. f4 $1 $16) (15... a5 $142 16. a4 (16. a3 $5) 16... b4 17. Rae1 f5 $1 {[#] Black has to take back the initiative, even if it looks daunting! Suddenly White's pieces might get crammed.} 18. exf5 Nxf5 19. Qh3 (19. Qf2 O-O) 19... Qd6 20. f4 e4 21. dxe4 dxe4 22. Ng3 Nxg3 23. hxg3 {Insane position where the black's exposed king is compensated by the delicious black center and delicious Fischer's bishops.}) 16. a4 {The worst piece in my camp is the rook on a1, so before we take decisive action, let's enjoy the time to create more weaknesses. Black has no effective counterplay, so I'm not in a huge hurry.} b4 {Otherwise, I would take on b5, trade rooks, and invade with the second rook on the a-file.} 17. a5 {[#] We split up the best friends on a6 and b4, so we have more pawns to eat for dessert. The black queen is hopelessly tied down now.} Bc6 {Stopping a4, which would win a pawn. Nonetheless, Black is out of meaningful counterplay here.} 18. f4 {About time! We need to use the moment while the black king can't castle, and our rooks are connected which can't be said about the black rooks.} exf4 19. Bxf4 Qd7 20. Bd2 {The bishop reminds Black about their many weaknesses, while getting out of trouble's way as ...g5 was coming. By poking their targets, white gets the time to prepare for the final attack.} Qd6 21. Rae1 {[#] No soldier left behind!} g5 {Black fatally weakens the h5 and f5 squares. Not that they had anything better, as their king is going to be weak wherever he goes.} (21... h5 22. Bg5 {"Where do you think you're going?", says the bishop to the king :)}) 22. Qh5 O-O ({Engines prefer to give up f7 with} 22... O-O-O {marking this as +3, despite the equal material up to this point. That tells you something about Black's positional struggles.}) 23. Ng3 {The knight creeps towards those juicy light squares.} Rab8 {[#]} 24. exd5 {At this point I had a long think, considering the many tempting options available to white: e5, f5 followed by taking with rook or pawn, and simply f2 came to mind. Yet I felt that we need to hurry before Black's pieces all get untangled or they trade the queens with ...g6. We need to explode the center!} (24. e5 Qg6 25. Qxg6 fxg6 {was not at all clear to me, even if better for White.}) (24. Nf5 Nxf5 25. Rxf5 (25. exf5 Qf6 {is the move I didn't like. I considered h4 here, but thought that there should be something simpler.}) 25... dxe4 26. Rxf7 $2 (26. Bxg5 $142) 26... Rxf7 27. Qxf7+ Kh8 28. dxe4 (28. Rf1 Rf8) 28... d3 {Miraculously, black is no longer worse!}) 24... Be8 {Black realizes that taking on d5 is tactically busted, but this isn't much better.} (24... Nxd5 25. Nf5 Qd7 26. Nxh6+ $18) (24... Bxd5 25. Rxe7 $1 {is a move that took me embarrassingly long to find. After seeing this variation it was much easier to sac the exchange in the game.} Bxb3 26. Nf5 Qg6 27. Qxg6 fxg6 28. Rxg7+ Kh8 29. Rxg6 {With an extra piece}) 25. Rxe7 $1 {Once our knight gets to f5, he will be worth at least the rook I'm giving away.} Qxe7 26. Nf5 Qf6 27. h4 $1 {[#] We need to strike while the iron is hot. Black can't hold the kingside with those pieces.} Kh7 (27... gxh4 28. Nxh6+ $18) 28. hxg5 Qg6 {Black dreams of trading queen or closing the h-file.} 29. Qh2 {We need to take on h6 with our knight, so if they take back with bishop, we have f6. Eyeing that poor loose rook on b8 allows us the time to do so.} Rb7 30. Nxh6 f5 {Desperate measures, but I still have to be careful.} 31. Nf7+ {Considering d6 is coming very soon, I realized the key here is to remove their light-square bishop which will be too useful blocking on f7. Hence the knight goes to take care of business.} Kg8 32. Nd6 {[#]} Ra7 $6 (32... Rd7 {Was a better to try for black, but without the bishop, our checks will cost them at least a rook.} 33. Nxe8 Rxe8 34. d6+ Kf8 35. Ba4 Red8 36. g4 Rf7 37. Bb3 Rdd7 38. Bxf7) 33. Nxe8 Rxe8 34. d6+ {Time for the sniper bishops to shine.} Kf8 35. d7 $1 {We need open lines here, not pawns. Their king won't find refuge anywhere.} Rxd7 36. Bxb4+ Rde7 {[#] Black is all tied up, with nowhere to go. We just need to help them with the Zugzwang.} 37. Qf4 (37. g4 {was also tempting, but such positions should be enjoyed. :)}) 37... Bh8 38. Re1 {The king wanted to run away to g7, and we can't have that.} Bg7 39. g4 {Finally, the little guy enters to finish the attack.} Qh7 40. Rxe7 Rxe7 41. Qb8# {I was happy to win cleanly, which rarely happens against strong players. This also put me into contention for the first three places, which made the last round more exciting.} 1-0